000 00353nam a2200145Ia 4500
008 240624s9999 xx 000 0 und d
041 _aeng
082 _a339 NAG
100 _aNAG A
245 _aMACROECONOMICS FOR MANAGEMENT STUDENTS
250 _a(2nd ed.)
260 _c2013
_aDelhi
_bMacmillan India
300 _axiii, : 270p.
365 _cRS
_b32
999 _c25524
_d25524